000 00441nam a2200145Ia 4500
008 211109s9999||||xx |||||||||||||| ||und||
082 _a894.8124
_bRAM-C
100 _aRamachandran Nair, Adoor
245 0 _aChila Kerala Charithra Vibhavangal
260 _bNational Book Stall
_aKottayam
_c1954
300 _a322p.
630 _xPOST GRADUATE REFERENCE
650 _aLiterature
_vMalayalam LiteratureMalayalam Essay
_xMalayalam
942 _cBOOK
999 _c2244
_d2244